Adivina las fronteras de cada país del mundo - Estadísticas

Estadísticas generales
  • Esta prueba ha sido intentada 53 veces
  • La puntuación promedio es 192 de 356
Estadísticas de respuestas
Frontera % Correcto
Canadá - Estados Unidos
91%
Andorra - España
88%
España - Portugal
88%
Estados Unidos - México
88%
Alemania - Polonia
85%
Argentina - Brasi
85%
Argentina - Chile
82%
Brasil - Venezuela
82%
España - Francia
82%
Italia - Ciudad del Vaticano
82%
Italia - San Marino
82%
Alemania - Dinamarca
79%
Argelia - Marruecos
79%
Argentina - Paraguay
79%
Argentina - Uruguay
79%
Chile - Perú
79%
Colombia - Venezuela
79%
Guatemala - Mexico
79%
Albania - Grecia
76%
Alemania - Países Bajos
76%
Andorra - Francia
76%
Arabia Saudita - Omán
76%
Arabia Saudita - Yemen
76%
Brasil - Colombia
76%
Brasil - Perú
76%
Brasil - Uruguay
76%
China - Rusia
76%
Colombia - Ecuador
76%
Colombia - Panamá
76%
Corea del Norte - Corea del Sur
76%
Costa Rica - Panamá
76%
Finlandia - Rusia
76%
Haití - República Dominicana
76%
India - Nepal
76%
Lituania - Rusia
76%
Alemania - Bélgica
73%
Alemania - Francia
73%
Alemania - Luxemburgo
73%
Arabia Saudita - Catar
73%
Argelia - Túnez
73%
Bélgica - Luxemburgo
73%
Bielorrusia - Rusia
73%
Brasil - Guyana
73%
Brasil - Paraguay
73%
Brasil - Surinam
73%
Bulgaria - Rumania
73%
Estonia - Letonia
73%
Estonia - Rusia
73%
Letonia - Rusia
73%
Noruega - Suecia
73%
Alemania - Austria
70%
Alemania - República Checa
70%
Austria - Italia
70%
Bélgica - Francia
70%
Belice - México
70%
Bolivia - Brasil
70%
Bolivia - Paraguay
70%
Bolivia - Perú
70%
Brasil - Francia
70%
China - Mongolia
70%
Costa Rica - Nicaragua
70%
España - Marruecos
70%
Finlandia Suecia
70%
Francia - Mónaco
70%
Francia - Suiza
70%
Irlanda - Reino Unido
70%
Rusia - Ucrania
70%
Afganistán - Irán
67%
Afganistán - Pakistán
67%
Arabia Saudita - Kuwait
67%
Argelia - Malí
67%
Armenia - Azerbaiyán
67%
Armenia - Georgia
67%
Austria - Suiza
67%
Bélgica - Países Bajos
67%
Belice - Guatemala
67%
Bielorrusia - Ucrania
67%
Bolivia - Chile
67%
China - Nepal
67%
Ecuador - Perú
67%
Eslovenia - Italia
67%
Francia - Italia
67%
Honduras - Nicaragua
67%
Indonesia - Papúa Nueva Guinea
67%
Italia - Suiza
67%
Mongolia - Rusia
67%
Afganistán - China
64%
Albania - Kosovo
64%
Albania - Montenegro
64%
Angola - Namibia
64%
Arabia Saudita - Jordania
64%
Argentina - Bolivia
64%
Bosnia y Herzegovina - Croacia
64%
Bután - India
64%
China - Corea del Norte
64%
China - India
64%
El Salvador - Guatemala
64%
España - Reino Unido
64%
Fiyi
64%
Guatemala - Honduras
64%
Guyana - Venezuela
64%
Indonesia - Timor Oriental
64%
Kazajistán - Rusia
64%
Lesoto - Sudáfrica
64%
Letonia - Lituania
64%
Mauricio
64%
Polonia - Rusia
64%
Seychelles
64%
Alemania - Suiza
61%
Antigua y Barbuda
61%
Austria - Eslovenia
61%
Bahamas
61%
Bangladés - India
61%
Barbados
61%
Bielorrusia - Polonia
61%
Birmania -- China
61%
Bután - China
61%
Cabo Verde
61%
Colombia - Perú
61%
Comoras
61%
Croacia - Eslovenia
61%
Egipto - Libia
61%
Esuatini - Sudáfrica
61%
Finlandia - Noruega
61%
Francia - Luxemburgo
61%
Islas Salomón
61%
Israel - Jordania
61%
Japón
61%
Nueva Zelanda
61%
Samoa
61%
San Cristóbal y Nieves
61%
San Vicente y las Granadinas
61%
Sri Lanka
61%
Taiwán
61%
Tonga
61%
Tuvalu
61%
Vanuatu
61%
Afganistán - Tayikistán
58%
Afganistán - Uzbekistán
58%
Albania - Macedonia del Norte
58%
Arabia Saudita - Emiratos Árabes Unidos
58%
Armenia - Turquía
58%
Australia
58%
Austria - Liechtenstein
58%
Austria - República Checa
58%
Azerbaiyán - Georgia
58%
Bielorrusia - Lituania
58%
Birmania - Tailandia
58%
Bosnia y Herzegovina - Serbia
58%
Camboya - Vietnam
58%
Corea del Norte - Rusia
58%
Croacia - Serbia
58%
Cuba
58%
Egipto - Sudán
58%
Eslovaquia - República Checa
58%
Granada
58%
Irak - Irán
58%
Islas Marshall
58%
Jamaica
58%
Kenia - Tanzania
58%
Kiribati
58%
Laos - Vietnam
58%
Madagascar
58%
Micronesia
58%
Santa Lucía
58%
Santo Tomé y Príncipe
58%
Sudán - Sudán del Sur
58%
Trinidad y Tobago
58%
Zambia - Zimbabue
58%
Afganistán - Turkmenistán
55%
Angola - República del Congo
55%
Angola - República Democrática del Congo
55%
Argelia - Libia
55%
Austria - Hungría
55%
Azerbaiyán - Rusia
55%
Birmania - India
55%
Botsuana - Sudáfrica
55%
Botsuana - Zambia
55%
Botsuana - Zimbabue
55%
Brunéi - Malasia
55%
China - Kazajistán
55%
China - Pakistán
55%
China - Vietnam
55%
El Salvador - Honduras
55%
Francia - Surinam
55%
Gambia - Senegal
55%
Guinea - Guinea Bisáu
55%
Guyana - Surinam
55%
India - Pakistán
55%
Islandia
55%
Maldivas
55%
Moldavia - Ucrania
55%
Nauru
55%
Omán - Yemen
55%
Armenia - Irán
52%
Azerbaiyán - Irán
52%
Benín - Burkina Faso
52%
Benín - Togo
52%
Bosnia y Herzegovina - Montenegro
52%
Botsuana - Namibia
52%
Camboya - Tailandia
52%
Camerún - Nigeria
52%
Chipre
52%
Costa de Marfil - Ghana
52%
Croacia - Hungría
52%
Dominica
52%
Eslovaquia - Polonia
52%
Etiopía - Somalia
52%
Filipinas
52%
Grecia - Turquía
52%
Indonesia - Malasia
52%
Israel - Líbano
52%
Kenia - Somalia
52%
Libia - Túnez
52%
Malta
52%
Moldavia - Rumania
52%
Namibia - Sudáfrica
52%
Singapur
52%
Argelia - Mauritania
48%
Argelia - Níger
48%
Azerbaiyán - Turquía
48%
Baréin
48%
Bielorrusia - Letonia
48%
Bulgaria - Grecia
48%
Burkina Faso - Costa de Marfil
48%
Burkina Faso - Malí
48%
Camerún - República del Congo
48%
China - Kirguistán
48%
China - Laos
48%
Egipto - Israel
48%
Georgia - Rusia
48%
Grecia - Macedonia del Norte
48%
Guinea - Senegal
48%
Guinea - Sierra Leona
48%
Irak - Siria
48%
Israel - Siria
48%
Liechtenstein - Suiza
48%
Marruecos - Mauritania
48%
Mauritania - Senegal
48%
Noruega - Rusia
48%
República Centroafricana - República del Congo
48%
República Centroafricana - República Democrática del Congo
48%
Ruanda - Uganda
48%
Siria - Turquía
48%
Somalia - Yibuti
48%
Arabia Saudita - Irak
45%
Bangladés - Birmania
45%
Bulgaria - Macedonia del Norte
45%
Burkina Faso - Ghana
45%
Burundi - República Democrática del Congo
45%
Burundi - Ruanda
45%
Camboya - Laos
45%
Camerún - Guinea Ecuatorial
45%
China -Tayikistán
45%
Eritrea - Etiopía
45%
Eritrea - Yibuti
45%
Georgia - Turquía
45%
Guinea - Liberia
45%
Hungría - Rumania
45%
Irak - Kuwait
45%
Kazajistán - Uzbekistán
45%
Laos - Tailandia
45%
Liberia - Sierra Leona
45%
Lituania - Polonia
45%
Níger - Nigeria
45%
Palaos
45%
Austria - Eslovaquia
42%
Benín - Níger
42%
Bulgaria - Serbia
42%
Bulgaria - Turquía
42%
Chad - Libia
42%
Chad - República Centroafricana
42%
Croacia - Montenegro
42%
Irán - Turkmenistán
42%
Jordania - Siria
42%
Kosovo - Serbia
42%
Líbano - Siria
42%
Malasia - Tailandia
42%
Mozambique - Tanzania
42%
República del Congo - República Democrática del Congo
42%
Rumania - Serbia
42%
Sudáfrica - Zimbabue
42%
Angola - Zambia
39%
Benín - Nigeria
39%
Burkina Faso - Togo
39%
Burundi - Tanzania
39%
Camerún - Gabón
39%
Camerún - República Centroafricana
39%
Chad - Sudán
39%
Eritrea - Sudan
39%
Esuatini - Mozambique
39%
Gabón - Guinea Ecuatorial
39%
Irak - Jordania
39%
Kirguistán - Tayikistán
39%
Malaui - Mozambique
39%
Mozambique - Sudáfrica
39%
Mozambique - Zimbabue
39%
Polonia - República Checa
39%
Burkina Faso - Níger
36%
Camerún - Chad
36%
Chad - Níger
36%
Costa de Marfil - Liberia
36%
Eslovaquia - Hungría
36%
Etiopía - Kenia
36%
Etiopía - Sudán del Sur
36%
Gabón - Republica del Congo
36%
Ghana - Togo
36%
Hungría - Serbia
36%
Irán Turquía
36%
Kazajistan - Kirguistán
36%
Kirguistán - Uzbekistán
36%
Malaui - Zambia
36%
Malí - Mauritania
36%
Montenegro - Serbia
36%
República Democrática del Congo - Ruanda
36%
República Democrática del Congo - Uganda
36%
Rumania - Ucrania
36%
Etiopía - Yibutí
33%
Irán - Pakistán
33%
Kazajistán - Turkmenistán
33%
Kenia - Uganda
33%
Malí - Niger
33%
Malí - Senegal
33%
República Democrática del Congo - Tanzania
33%
República Democrática del Congo - Zambia
33%
Ruanda - Tanzania
33%
Costa de Marfil - Guinea
30%
Costa de Marfil - Malí
30%
Emiratos Árabes Unidos - Omán
30%
Eslovenia - Hungría
30%
Etiopía - Sudán
30%
Kosovo - Macedonia del Norte
30%
Mozambique - Zambia
30%
Turkmenistán - Uzbekistán
30%
Birmania - Laos
27%
Chad - Nigeria
27%
Kenia - Sudán del Sur
27%
Kosovo - Montenegro
27%
Libia - Sudán
27%
Polonia - Ucrania
27%
Guinea Bisáu - Senegal
24%
Hungría - Ucrania
24%
Irak - Turquía
24%
Libia - Níger
24%
República Centroafricana - Sudán
24%
República Centroafricana - Sudán del Sur
24%
Sudán del Sur - Uganda
24%
Tanzania - Uganda
24%
Eslovaquia - Ucrania
21%
Macedonia del Norte - Serbia
21%
Malaui - Tanzania
21%
Tayikistán - Uzbekistán
21%
Guinea - Malí
18%
Namibia - Zambia
18%
República Democrática del Congo - Sudán del Sur
18%
Tanzania - Zambia
12%
No se encontraron pruebas coincidentes
Distribución de puntuación
Porcentaje de gente con cada puntuación
Porcentaje por número respondido
Historial de tus puntuaciones
No has intentado esta prueba.